00410nam a2200157Ia 450000500170000000800410001702000180005804100120007608200130008810000200010124500620012125000080018326000200019150000080021165000330021920240823012604.0240823s9999||||xx |||||||||||||| ||und|| a0-07-462099-1 aENGLISH A621.3 N6 aBhattachary S K 0aElectrical Technology for Engineering sevices Examination a1st c1996bTMH New D aYES aElectrical Engg.bElectrical